My Name Has Meaning II Quiz Stats

 Plays Quiz Updated Sep 3, 2016

Challenge
Share
Tweet
Embed
Score 0/18 Timer 03:00
6 Plays Today
% Correct
April
97.5%
Rose
96.8%
Oscar
96.6%
Ray
96.5%
Rich
96.5%
Jean
96%
Kitty
95.7%
Cliff
95.7%
Brie
94.5%
% Correct
Rob
94.4%
Bill
93.7%
Frank
93.2%
Pat
93%
Victor
88.9%
Ollie
87.7%
Jimmy
82.4%
Peter
81.3%
Jay
81.3%

You're not logged in!

Compare scores with friends on all Sporcle quizzes.
Join for Free
OR
Log In

You Might Also Like...

Show Comments

Extras

Top Quizzes Today


Score Distribution

Your Account Isn't Verified!

In order to create a playlist on Sporcle, you need to verify the email address you used during registration. Go to your Sporcle Settings to finish the process.

Report this User

Report this user for behavior that violates our Community Guidelines.

Details: